000 00696nam a22002177a 4500
005 20150513152324.0
008 140714b xxu||||| |||| 00| 0 Urdu d
010 _aUR-8899
020 _c115.00
035 _aU-7454
037 _bBPPD/Pub/Ven
040 _aDPL
_bUrdu
082 _a844
100 _aمحمد شر ف الد ين سا حل
245 _aصفہء د شت
_cمحمد شر ف الد ين سا حل
246 _a‏Safha-e-Dasht
_bDr. M.Sharfuddin Sahil
260 _bAleem Printers,
_c2013
_aNagpur
270 _aAleem Printers,Haideri Road, Momin Pura
_bNagpur
_k07276006332
_e440018
300 _a208ص
_c22Cm (Hb)
942 _2ddc
_cUR
_e
_h844
_mم ح م
999 _c93562
_d93562